000 00458cam a22001457a 4500
008 180718b1996 xxu||||| |||| 00| 0 eng d
082 _aV431 N139
100 _aMcCully, Patrick
245 _aSilenced rivers: the ecology abd politics of large dams
_cby Patrick McCully
260 _aNew Delhi
_bOrient Longman
_c1996
300 _axvi, 398p.
650 _aDams --Economic aspects
650 _aDams --Social aspects
650 _aDams --Environmental aspects
999 _c501173
_d501173